Rediseño del esquema de protecciones del circuito de distribución Toro de la red eléctrica de Coopelesca, para su redistribución en tres circuitos con dos alimentadores
Guardat en:
| Autor principal: | |
|---|---|
| Format: | Llibre |
| Publicat: |
[San José, Costa Rica]
2008
|
| Matèries: | |
| Etiquetes: |
Afegir etiqueta
Sense etiquetes, Sigues el primer a etiquetar aquest registre!
|
MARC
| LEADER | 00000nam a2200000Ia 4500 | ||
|---|---|---|---|
| 003 | 001335 | ||
| 005 | 20221231144050.0 | ||
| 008 | 140114s2008 cr a 000 ||s d | ||
| 040 | |c cru CEDI | ||
| 090 | |a TFG 5858 | ||
| 100 | |a Carvajal Salas, Mayrone |9 3853 | ||
| 245 | |a Rediseño del esquema de protecciones del circuito de distribución Toro de la red eléctrica de Coopelesca, para su redistribución en tres circuitos con dos alimentadores | ||
| 260 | |c 2008 |b [San José, Costa Rica] | ||
| 300 | |a v, 187 hojas, 1 hojas plegables; ilustraciones a color | ||
| 500 | |a Proyecto de graduación (bachiller en ingeniería eléctrica)--Universidad de Costa Rica. Facultad de Ingeniería. Escuela de Ingeniería Eléctrica | ||
| 650 | |x REDES ELECTRICAS |x COOPERATIVA DE ELECTRIFICACION RURAL DE SAN CARLOS (ALAJUELA, COSTA RICA) |x CIRCUITOS ELECTRICOS |x PROTECCION |9 3854 | ||
| 942 | |c TFG | ||
| 999 | |c 16378 |d 16378 | ||
